000 00617nam a22001815i 4500
001 98688
003 ES-MaACL
007 t|
008 950921s1867 fr a ||||1| fre d
040 _aCAM
_bspa
_cCAM
100 1 _aEnault, Louis.
_947170
245 1 2 _aL'Amérique Centrale et Méridionale /
_cLouis Enault; dessins de Jules Noel... [et al.]; gravures de Willmann... [et al.].
260 _aParis :
_bF. de P. Mellado et Ce.,
_c1867 (
_fSimon Racon et Comp.)
300 _aXXXVI, 444 p., [19] h. de lám. ;
_c27 cm.
700 1 _aNoel, Jules.
_985824
700 1 _aWillmann.
_9116986
852 _aES-MaACL
_jG-6662
999 _c98688
_d98688